书目信息 |
| 题名: |
旅游服务英语
|
|
| 作者: | 宿荣江 编著 | |
| 分册: | 上册 | |
| 出版信息: | 北京 旅游教育出版社 2002.07 |
|
| 页数: | 104页 | |
| 开本: | 20cm | |
| 丛书名: | ||
| 单 册: | ||
| 中图分类: | H31-43 | |
| 科图分类: | ||
| 主题词: | 旅游业--英语--技术学校--教材 | |
| 电子资源: | ||
| ISBN: | 7-5637-1035-3 | |
| 000 | 00813nam0 2200229 450 | |
| 001 | 010234950503 | |
| 005 | 20050822021029.85 | |
| 010 | @a7-5637-1035-3@dCNY5.80 | |
| 100 | @a20050730d2002 km y0chiy0120 ea | |
| 101 | 0 | @achi@aeng |
| 102 | @aCN@b110000 | |
| 105 | @ay z 000yy | |
| 200 | 1 | @a旅游服务英语@Alu you fu wu ying yu@h上册@f宿荣江编著@Fsu rong jiang bian zhu |
| 210 | @a北京@c旅游教育出版社@d2002.07 | |
| 215 | @a104页@d20cm | |
| 330 | @a本册为13课,主要介绍中西方文化和景观及新兴的科技动态对旅游饭店服务行业的影响,着重介绍和分析了世界知名旅游业的运作。 | |
| 333 | @a旅游中等职业技术学校教材 根据教育部最新教学指导方案编写 | |
| 606 | 0 | @a旅游业@x英语@x技术学校@x教材 |
| 690 | @aH31-43@v4 | |
| 701 | 0 | @a宿荣江@Asu rong jiang@4编著 |
| 801 | 0 | @aCN@bQSSK@c20050822 |
| 905 | @a10447@dH31-43@eS874 | |
| 旅游服务英语.上册/宿荣江编著.-北京:旅游教育出版社,2002.07 |
| 104页;20cm |
| 使用对象:旅游中等职业技术学校教材 根据教育部最新教学指导方案编写 |
| ISBN 7-5637-1035-3:CNY5.80 |
| 本册为13课,主要介绍中西方文化和景观及新兴的科技动态对旅游饭店服务行业的影响,着重介绍和分析了世界知名旅游业的运作。 |
| ● |
| 相关链接 |
|
|
|
正题名:旅游服务英语
索取号:H31-43/S874
 
预约/预借
| 序号 | 登录号 | 条形码 | 馆藏地/架位号 | 状态 | 备注 |
| 1 | 529278 | 205292789 | 语言库209/209语言库 93排3列4层/ [索取号:H31-43/S874] | 在馆 | |
| 2 | 529279 | 205292798 | 语言库209/209语言库 93排3列4层/ [索取号:H31-43/S874] | 在馆 | |
| 3 | 529280 | 205292805 | 语言库209/209语言库 93排3列4层/ [索取号:H31-43/S874] | 在馆 |